[Event "BL 1617 MSA Zugzwang - SP Schwegenheim"]
[Site "?"]
[Date "2016.10.15"]
[Round "1.2"]
[White "Kindermann, Stefan"]
[Black "Kantans, Toms"]
[Result "1/2-1/2"]
[WhiteElo "2509"]
[BlackElo "2476"]
[PlyCount "133"]
[EventDate "2016.??.??"]

1. d4 Nf6 2. Bg5 Ne4 3. Bf4 c5 4. f3 Qa5+ 5. c3 Nf6 6. d5 d6 7. e4 e6 8. Bd2
Qd8 9. c4 exd5 10. cxd5 g6 11. Ne2 Bg7 12. Nf4 O-O 13. Be2 Nbd7 14. O-O Ne5 15.
a4 c4 16. g3 Re8 17. Bc3 g5 18. Ng2 g4 19. f4 Nf3+ 20. Bxf3 gxf3 21. Qxf3 Qb6+
22. Qe3 Nxe4 23. Qxb6 axb6 24. Bxg7 Kxg7 25. Nc3 Nxc3 26. bxc3 Bf5 27. Kf2 Ra5
28. Rfe1 Rxe1 29. Rxe1 Rxa4 30. Re7 Ra2+ 31. Kf3 Ra3 32. Ne3 Rxc3 33. Rxb7 Rb3
34. Rc7 b5 35. Rc6 Bd3 36. Rxd6 c3 37. Rc6 c2 38. Kf2 Be4 39. Ke2 b4 40. Nxc2
Rb2 41. Kd1 Bxd5 42. Kc1 Rb3 43. Rb6 Be4 44. Nxb4 f5 45. Rb8 Kg6 46. Na6 Ra3
47. Rb6+ Kh5 48. Kb2 Re3 49. Nc5 Re2+ 50. Kc3 Rxh2 51. Nxe4 fxe4 52. Kd4 Kg4
53. Kxe4 Re2+ 54. Kd5 Kxg3 55. f5 h5 56. Rg6+ Kf4 57. f6 h4 58. f7 Re5+ 59. Kd6
Rf5 60. Ke7 Rxf7+ 61. Kxf7 h3 62. Rh6 Kg3 63. Kf6 h2 64. Kf5 Kg2 65. Kf4 h1=Q
66. Rxh1 Kxh1 67. Ke4 1/2-1/2

[Event "BL 1617 MSA Zugzwang - SP Schwegenheim"]
[Site "?"]
[Date "2016.10.15"]
[Round "1.3"]
[White "Horvath, Adam"]
[Black "Mons, Leon"]
[Result "1/2-1/2"]
[WhiteElo "2498"]
[BlackElo "2461"]
[PlyCount "50"]
[EventDate "2016.??.??"]

1. e4 e5 2. Nf3 Nc6 3. Bc4 Nf6 4. d3 h6 5. O-O d6 6. c3 g6 7. d4 Qe7 8. dxe5
Nxe5 9. Nxe5 dxe5 10. Qf3 Bg4 11. Qg3 Bd7 12. Nd2 Bg7 13. a4 h5 14. b3 h4 15.
Qd3 Nh5 16. Ba3 Qf6 17. Nf3 O-O-O 18. Qe3 Kb8 19. Qg5 Nf4 20. Rfd1 Be6 21. Bxe6
Nxe6 22. Qxf6 Bxf6 23. Kf1 Kc8 24. g3 hxg3 25. hxg3 Ng5 1/2-1/2

[Event "BL 1617 MSA Zugzwang - SP Schwegenheim"]
[Site "?"]
[Date "2016.10.15"]
[Round "1.4"]
[White "Hertneck, Gerald"]
[Black "Nemeth, Miklos"]
[Result "1/2-1/2"]
[WhiteElo "2476"]
[BlackElo "2469"]
[PlyCount "109"]
[EventDate "2016.??.??"]

1. d4 Nf6 2. c4 e6 3. Nf3 b6 4. g3 c6 5. Bg2 d5 6. Ne5 Be7 7. cxd5 cxd5 8. Qa4+
Nfd7 9. e4 O-O 10. exd5 exd5 11. O-O Bb7 12. Nc3 Nf6 13. Re1 h6 14. Bf4 a6 15.
Rad1 b5 16. Qb3 b4 17. Na4 Nc6 18. Nc5 Bxc5 19. dxc5 a5 20. Nxc6 Bxc6 21. Be5
Re8 22. Bd4 Rxe1+ 23. Rxe1 Ne4 24. Qc2 Qd7 25. Re3 Ng5 26. Qd2 Re8 27. Rxe8+
Qxe8 28. Be3 Ne4 29. Qd3 Qc8 30. f3 Nf6 31. h4 Qb7 32. Bd4 Nd7 33. f4 Nf6 34.
Bxf6 gxf6 35. Kf2 Qe7 36. Qe3 Qe6 37. Qd3 Qe7 38. Qd4 Qe6 39. Bf1 Kg7 40. Be2
Kf8 41. g4 Kg8 42. a3 bxa3 43. bxa3 a4 44. Bd1 Qe7 45. Qb4 Kg7 46. Bc2 Bd7 47.
Bd1 Bc6 48. Qd4 Kg8 49. Bc2 Bb5 50. Qe3 Qd8 51. Qd4 Qe7 52. Bd1 Bc6 53. Be2 Qe6
54. Qe3 Qd7 55. Qd4 1/2-1/2

[Event "BL 1617 MSA Zugzwang - SP Schwegenheim"]
[Site "?"]
[Date "2016.10.15"]
[Round "1.5"]
[White "Kovacs, Gabor"]
[Black "Schramm, Christian"]
[Result "1-0"]
[WhiteElo "2456"]
[BlackElo "2390"]
[PlyCount "123"]
[EventDate "2016.??.??"]

1. Nf3 Nf6 2. c4 e6 3. Nc3 Bb4 4. Qc2 d5 5. a3 Bxc3 6. Qxc3 c5 7. cxd5 Qxd5 8.
d3 Nbd7 9. e4 Qc6 10. b4 O-O 11. Be2 b6 12. O-O Bb7 13. Bb2 Rac8 14. Rfc1 Rfe8
15. Ne5 Nxe5 16. Qxe5 Qc7 17. Qxc7 Rxc7 18. bxc5 Rxc5 19. Rxc5 bxc5 20. Rc1 Rc8
21. f3 Ba6 22. a4 Nd7 23. Ba3 f6 24. f4 Kf7 25. Kf2 e5 26. g3 Ke7 27. Ke3 Rc7
28. Bg4 Bc8 29. Bf5 h6 30. Bxd7 Bxd7 31. Bxc5+ Ke6 32. a5 Bb5 33. Rc3 g6 34. d4
exd4+ 35. Kxd4 Rd7+ 36. Ke3 Rc7 37. g4 f5 38. h3 h5 39. exf5+ gxf5 40. gxh5 Rh7
41. Kf2 a6 42. Re3+ Kd7 43. Re5 Rxh5 44. Kg3 Kc6 45. Be7 Bf1 46. h4 Bd3 47.
Rc5+ Kb7 48. Kf2 Be4 49. Ke3 Bg2 50. Kd4 Bh3 51. Ke5 Rh6 52. Bg5 Rh8 53. Kf6
Bg4 54. Kg7 Re8 55. Kg6 Rg8+ 56. Kf7 Rb8 57. Bf6 Bh5+ 58. Kg7 Bg4 59. Kg6 Rg8+
60. Bg7 Bd1 61. Rd5 Be2 62. Re5 1-0

[Event "BL 1617 MSA Zugzwang - SP Schwegenheim"]
[Site "?"]
[Date "2016.10.15"]
[Round "1.6"]
[White "Zysk, Robert"]
[Black "Shytaj, Luca"]
[Result "1-0"]
[WhiteElo "2385"]
[BlackElo "2437"]
[PlyCount "93"]
[EventDate "2016.??.??"]

1. Nf3 e6 2. c4 b6 3. g3 Bb7 4. Bg2 f5 5. Nc3 Nf6 6. O-O Be7 7. d4 Ne4 8. Nxe4
Bxe4 9. d5 c6 10. dxe6 dxe6 11. Bf4 Qc8 12. Bd6 Bf6 13. Qd2 c5 14. Rad1 Nc6 15.
Qe3 Qb7 16. Bf4 Nd4 17. Nxd4 cxd4 18. Bxe4 fxe4 19. Qb3 Qc6 20. f3 e3 21. g4 e5
22. Bg3 h5 23. g5 h4 24. gxf6 hxg3 25. fxg7 gxh2+ 26. Kh1 Rg8 27. Qd3 O-O-O 28.
Qf5+ Kb7 29. Qxe5 Rd7 30. Rxd4 Rdxg7 31. Qxh2 Rg3 32. Rh4 Qg6 33. Rh6 Qc2 34.
b3 Qxa2 35. Rh7+ Ka6 36. Qh5 R3g7 37. Qb5+ Kb7 38. Qd5+ Ka6 39. Rxg7 Rxg7 40.
Qb5+ Kb7 41. Qd5+ Ka6 42. Qb5+ Kb7 43. Qd5+ Ka6 44. Qd4 Rh7+ 45. Kg1 Qxe2 46.
Ra1+ Kb7 47. Qd5+ 1-0

[Event "BL 1617 MSA Zugzwang - SP Schwegenheim"]
[Site "?"]
[Date "2016.10.15"]
[Round "1.7"]
[White "Csonka, Attila Istvan"]
[Black "Gerigk, Erasmus"]
[Result "1-0"]
[WhiteElo "2316"]
[BlackElo "2381"]
[PlyCount "67"]
[EventDate "2016.??.??"]

1. e4 c5 2. Nf3 Nc6 3. d4 cxd4 4. Nxd4 e5 5. Nb5 d6 6. N1c3 a6 7. Na3 b5 8. Nd5
Nge7 9. c4 Nd4 10. Be3 Nxd5 11. cxd5 g6 12. Bd3 Bg7 13. O-O O-O 14. Bxd4 exd4
15. Nc2 Qb6 16. Kh1 f5 17. f3 fxe4 18. Bxe4 d3 19. Qxd3 Bxb2 20. Rab1 Bg7 21.
Nb4 a5 22. Nc6 Ba6 23. Bxg6 b4 24. Bxh7+ Kh8 25. Qe4 Bxf1 26. Rxf1 Bf6 27. Bf5
Rf7 28. Qg4 Qb5 29. Qh5+ Kg7 30. Re1 Bc3 31. Qg6+ Kf8 32. Qxd6+ Kg7 33. Qg6+
Kf8 34. Be6 1-0

[Event "BL 1617 MSA Zugzwang - SP Schwegenheim"]
[Site "?"]
[Date "2016.10.15"]
[Round "1.8"]
[White "Lammers, Markus"]
[Black "Flierl, Pascal"]
[Result "1-0"]
[WhiteElo "2318"]
[BlackElo "2230"]
[PlyCount "141"]
[EventDate "2016.??.??"]

1. Nf3 e6 2. d4 Nf6 3. e3 b6 4. Bd3 Bb7 5. O-O c5 6. c4 Be7 7. Nc3 cxd4 8. exd4
d6 9. Re1 O-O 10. Qe2 Nbd7 11. Bg5 Re8 12. Rad1 Nf8 13. c5 Nd5 14. Bc1 Nxc3 15.
bxc3 Qc8 16. cxd6 Bxd6 17. Ng5 Qc6 18. Qg4 f5 19. Qh3 h6 20. d5 exd5 21. Rxe8
Rxe8 22. Nf3 Qxc3 23. Qxf5 Qc8 24. Qh5 Qe6 25. Be3 Qf7 26. Qg4 Bc8 27. Qa4 Bc5
28. Nd4 Ne6 29. Nf5 Bxe3 30. Nxe3 Nc5 31. Qd4 Nxd3 32. Rxd3 Bb7 33. h3 Rd8 34.
Ng4 Rd6 35. Rf3 Qe7 36. Re3 Re6 37. Nxh6+ gxh6 38. Qg4+ Kf7 39. Qf5+ Qf6 40.
Qh7+ Ke8 41. Qxb7 Rxe3 42. Qb8+ Kf7 43. fxe3 Qa1+ 44. Kh2 Qxa2 45. Qf4+ Kg7 46.
Qe5+ Kf7 47. Qf4+ Kg7 48. Qc7+ Kg6 49. Qd6+ Kg7 50. Qe7+ Kg6 51. Qe6+ Kg7 52.
e4 Qc4 53. Qe5+ Kf7 54. exd5 Qc8 55. Qf4+ Ke7 56. d6+ Kd7 57. Qf5+ Kd8 58. Qf8+
Kd7 59. Qf5+ Kd8 60. Qf7 Qc6 61. Qe7+ Kc8 62. Qf8+ Kd7 63. Qe7+ Kc8 64. Qe6+
Qd7 65. Qxh6 a5 66. h4 a4 67. h5 Kb7 68. Qf4 a3 69. Qf3+ Kb8 70. Qxa3 Qg4 71.
Qh3 1-0

[Event "BL 1617 SG Solingen - Schachfr. Berlin"]
[Site "?"]
[Date "2016.10.15"]
[Round "1.1"]
[White "Piorun, Kacper"]
[Black "Harikrishna, Pentala"]
[Result "1/2-1/2"]
[WhiteElo "2665"]
[BlackElo "2762"]
[PlyCount "97"]
[EventDate "2016.??.??"]

1. e4 e6 2. d4 d5 3. Nc3 Bb4 4. e5 c5 5. a3 Bxc3+ 6. bxc3 Qa5 7. Bd2 Qa4 8. Qg4
Kf8 9. Qd1 b6 10. h4 Ba6 11. h5 Bxf1 12. Kxf1 h6 13. Rh4 Nc6 14. Rf4 Nge7 15.
Ne2 c4 16. g4 Ke8 17. Ng3 Rf8 18. Rf3 Kd7 19. g5 hxg5 20. Bxg5 Ng8 21. Qd2 Rae8
22. Kg2 Kc8 23. Qc1 Nb8 24. Qb2 Nd7 25. Qb4 Qxb4 26. axb4 Kb7 27. b5 f6 28.
exf6 Ngxf6 29. Re1 a6 30. bxa6+ Kxa6 31. Rfe3 Rh8 32. Rxe6 Rxe6 33. Rxe6 Nxh5
34. Nxh5 Rxh5 35. f4 Nf6 36. Bxf6 Rh6 37. Rd6 gxf6 38. Rxd5 Rg6+ 39. Kf2 Rh6
40. Kg2 Rh4 41. Rf5 Rh6 42. Kg3 Kb7 43. Rb5 Kc6 44. Rb1 f5 45. Re1 Rg6+ 46. Kf3
Rh6 47. Kg3 Rg6+ 48. Kf3 Rh6 49. Kg3 1/2-1/2

[Event "BL 1617 SG Solingen - Schachfr. Berlin"]
[Site "?"]
[Date "2016.10.15"]
[Round "1.2"]
[White "Rapport, Richard"]
[Black "Kraemer, Martin"]
[Result "1/2-1/2"]
[WhiteElo "2729"]
[BlackElo "2570"]
[PlyCount "70"]
[EventDate "2016.??.??"]

1. f4 d5 2. Nf3 Nf6 3. e3 g6 4. b4 Bg7 5. Bb2 O-O 6. Be2 b6 7. c4 dxc4 8. Bxc4
Bb7 9. O-O Nbd7 10. Qe2 c5 11. b5 Qc7 12. d3 Ne8 13. Bxg7 Kxg7 14. Nc3 Nd6 15.
Nd5 Bxd5 16. Bxd5 Rad8 17. Qb2+ Kg8 18. e4 e6 19. Bc6 Nb8 20. e5 Nf5 21. Be4
Nd4 22. a4 f5 23. exf6 Qxf4 24. Nxd4 Qe3+ 25. Qf2 Qxd4 26. a5 Rxf6 27. Qxd4
Rxf1+ 28. Kxf1 Rxd4 29. axb6 axb6 30. Ra8 Rd8 31. Ra6 Rd6 32. Ra8 Rd8 33. Ra6
Rd6 34. Ra8 Rd8 35. Ra6 Rd6 1/2-1/2

[Event "BL 1617 SG Solingen - Schachfr. Berlin"]
[Site "?"]
[Date "2016.10.15"]
[Round "1.3"]
[White "Mista, Aleksander"]
[Black "Ragger, Markus"]
[Result "1/2-1/2"]
[WhiteElo "2588"]
[BlackElo "2700"]
[PlyCount "84"]
[EventDate "2016.??.??"]

1. Nf3 Nf6 2. c4 e6 3. b3 d5 4. Bb2 c5 5. e3 Nc6 6. cxd5 exd5 7. Bb5 Bd6 8. O-O
O-O 9. d4 Bg4 10. Bxc6 bxc6 11. dxc5 Bxc5 12. Qc2 Bxf3 13. gxf3 Bd6 14. Kh1 Qe7
15. Nd2 Be5 16. Bxe5 Qxe5 17. Rac1 Rfc8 18. Qc3 Qf5 19. Qd4 h6 20. Rc5 Nd7 21.
Rg1 g6 22. Rc3 c5 23. Qh4 Kg7 24. e4 Qe6 25. Rd3 Nf6 26. exd5 Nxd5 27. Qc4 Rd8
28. Ne4 Nf4 29. Qc3+ Kg8 30. Nf6+ Qxf6 31. Qxf6 Nxd3 32. Kg2 Rd4 33. Qe7 a5 34.
Kg3 a4 35. Rd1 axb3 36. axb3 Rad8 37. h4 Kg7 38. Ra1 R8d7 39. Qe8 Rd8 40. Qe7
R8d7 41. Qe3 R7d5 42. Qe8 Rd8 1/2-1/2

[Event "BL 1617 SG Solingen - Schachfr. Berlin"]
[Site "?"]
[Date "2016.10.15"]
[Round "1.4"]
[White "Smeets, Jan"]
[Black "Schreiner, Peter"]
[Result "1/2-1/2"]
[WhiteElo "2598"]
[BlackElo "2463"]
[PlyCount "101"]
[EventDate "2016.??.??"]

1. e4 e5 2. Nf3 Nc6 3. Bb5 a6 4. Ba4 Nf6 5. O-O b5 6. Bb3 Bb7 7. d3 Be7 8. Nc3
O-O 9. Be3 d6 10. a3 Qd7 11. Nd5 Nxd5 12. Bxd5 Nd8 13. Bxb7 Nxb7 14. d4 exd4
15. Bxd4 d5 16. Be5 Rad8 17. exd5 f6 18. Bg3 Bd6 19. a4 Bxg3 20. hxg3 Qxd5 21.
Qxd5+ Rxd5 22. axb5 axb5 23. Ra7 Rb8 24. c3 c5 25. Re1 Kf7 26. g4 h6 27. Rea1
Rd6 28. g3 Re6 29. Rd1 Re7 30. Ra6 Rd8 31. Rxd8 Nxd8 32. Rd6 Ke8 33. Rd5 Nb7
34. Nh4 Rd7 35. Rxd7 Kxd7 36. Nf5 g6 37. Ne3 Ke6 38. Kf1 Nd6 39. Ke2 f5 40. b4
cxb4 41. cxb4 fxg4 42. Nxg4 h5 43. Ne3 g5 44. f4 gxf4 45. gxf4 Nf5 46. Nc2 Kd5
47. Na3 Nd4+ 48. Kf2 Ke4 49. Kg3 h4+ 50. Kxh4 Kxf4 51. Nxb5 1/2-1/2

[Event "BL 1617 SG Solingen - Schachfr. Berlin"]
[Site "?"]
[Date "2016.10.15"]
[Round "1.5"]
[White "Lauber, Arnd"]
[Black "L'Ami, Erwin"]
[Result "1/2-1/2"]
[WhiteElo "2434"]
[BlackElo "2605"]
[PlyCount "69"]
[EventDate "2016.??.??"]

1. d4 Nf6 2. c4 e6 3. Nc3 Bb4 4. Nf3 b6 5. Qc2 Bb7 6. a3 Bxc3+ 7. Qxc3 O-O 8.
e3 d5 9. b4 c5 10. dxc5 bxc5 11. Bb2 Nbd7 12. Be2 e5 13. Nxe5 Ne4 14. Qc2 Nxe5
15. Bxe5 Qg5 16. Bg3 dxc4 17. Bf3 Rfe8 18. O-O h5 19. h4 Qf5 20. Rfc1 Qc8 21.
Bxe4 Rxe4 22. f3 Rxe3 23. Qxc4 Qd7 24. Qxc5 Rae8 25. Re1 Re2 26. Rxe2 Rxe2 27.
Re1 Rxe1+ 28. Bxe1 Qd1 29. Kf2 a6 30. Qxh5 Qd4+ 31. Kg3 Qd6+ 32. Kf2 Qd4+ 33.
Kg3 Qd6+ 34. Kf2 Qd4+ 35. Kg3 1/2-1/2

[Event "BL 1617 SG Solingen - Schachfr. Berlin"]
[Site "?"]
[Date "2016.10.15"]
[Round "1.6"]
[White "Nikolic, Predrag"]
[Black "Baldauf, Marco"]
[Result "1-0"]
[WhiteElo "2622"]
[BlackElo "2431"]
[PlyCount "123"]
[EventDate "2016.??.??"]

1. d4 Nf6 2. c4 g6 3. Nf3 Bg7 4. g3 c5 5. d5 e6 6. dxe6 fxe6 7. Bg2 Nc6 8. O-O
O-O 9. Nc3 d5 10. Bg5 d4 11. Ne4 Qb6 12. Bxf6 Bxf6 13. Ne1 Be7 14. Nd3 Bd7 15.
a3 a5 16. Rb1 Qa7 17. e3 b6 18. h4 dxe3 19. fxe3 Rxf1+ 20. Qxf1 Rf8 21. Qe2 Qc7
22. Rd1 Bc8 23. Nf4 Ne5 24. Nc3 Nf7 25. Nb5 Qb8 26. Qc2 Qe5 27. Qc3 Rd8 28.
Rxd8+ Bxd8 29. Qd2 Bf6 30. b3 Qb2 31. Qd1 Qa1 32. Qxa1 Bxa1 33. Nc7 Bf6 34.
Ncxe6 Ne5 35. Bd5 Ng4 36. Nxc5+ Kh8 37. Na4 Nxe3 38. Nxb6 Bg4 39. Be6 Bd4 40.
Nd7 Nxc4+ 41. Kh2 Ne3 42. Bxg4 Nxg4+ 43. Kh3 Nf2+ 44. Kg2 Ne4 45. b4 axb4 46.
axb4 Nd6 47. Kf3 Kg8 48. Nc5 Kf7 49. Ne2 Be5 50. Ne4 Nb5 51. Ng5+ Kg8 52. Ke4
Bd6 53. Kd5 h6 54. Nf3 Bxb4 55. Kc4 Nd6+ 56. Kxb4 Ne4 57. Ne5 Kg7 58. Kc4 Kf6
59. Kd4 Nf2 60. Nd3 Nxd3 61. Kxd3 g5 62. Ke4 1-0

[Event "BL 1617 SG Solingen - Schachfr. Berlin"]
[Site "?"]
[Date "2016.10.15"]
[Round "1.7"]
[White "Agopov, Mikael"]
[Black "Naumann, Alexander"]
[Result "0-1"]
[WhiteElo "2433"]
[BlackElo "2561"]
[PlyCount "80"]
[EventDate "2016.??.??"]

1. e4 e6 2. d4 d5 3. Nd2 c5 4. Ngf3 cxd4 5. Nxd4 Nc6 6. Bb5 Bd7 7. Nxc6 bxc6 8.
Bd3 Bd6 9. O-O Qc7 10. h3 Ne7 11. c4 O-O 12. Re1 Rab8 13. Nf3 h6 14. b3 a5 15.
e5 Bb4 16. Re2 a4 17. Bc2 axb3 18. axb3 Ra8 19. Rb1 Rfd8 20. Qd3 Ng6 21. h4 Be8
22. h5 Nf8 23. Nh2 dxc4 24. Qxc4 c5 25. Re4 Bd2 26. Bxd2 Rxd2 27. Qc3 Rad8 28.
b4 Bc6 29. Rc4 Qe7 30. Rxc5 Ba8 31. Nf3 Bxf3 32. Qxf3 Nd7 33. Rc3 Nxe5 34. Qg3
Qf6 35. b5 R2d4 36. b6 Rg4 37. Qe3 Nc4 38. Qe2 Qxc3 39. b7 Rb8 40. Qxg4 Qxc2
0-1

[Event "BL 1617 SG Solingen - Schachfr. Berlin"]
[Site "?"]
[Date "2016.10.15"]
[Round "1.8"]
[White "Andersen, Mads"]
[Black "Thiede, Lars"]
[Result "1-0"]
[WhiteElo "2542"]
[BlackElo "2420"]
[PlyCount "61"]
[EventDate "2016.??.??"]

1. d4 d6 2. Nf3 g6 3. g3 Bg7 4. c4 Nd7 5. Bg2 e5 6. Nc3 Ne7 7. O-O O-O 8. dxe5
dxe5 9. Qc2 Nf5 10. e3 c6 11. Rd1 Qc7 12. b3 Re8 13. Ba3 Bf8 14. Bxf8 Rxf8 15.
Ne4 Ng7 16. c5 f5 17. Qc4+ Kh8 18. Nd6 e4 19. Ng5 Ne5 20. Qd4 Qe7 21. Qxe5 Qxg5
22. Nxe4 Qh5 23. Nd6 Be6 24. Nxb7 Bd5 25. Bxd5 Rae8 26. Qd4 cxd5 27. Nd6 Re7
28. Rac1 g5 29. c6 Rc7 30. Qxd5 f4 31. exf4 1-0

[Event "BL 1617 SV Mülheim Nord - SK König Te"]
[Site "?"]
[Date "2016.10.15"]
[Round "1.1"]
[White "Stern, Rene"]
[Black "Navara, David"]
[Result "0-1"]
[WhiteElo "2521"]
[BlackElo "2737"]
[PlyCount "68"]
[EventDate "2016.??.??"]

1. d4 Nf6 2. c4 e6 3. Nc3 Bb4 4. Bd2 O-O 5. e3 d5 6. Nf3 b6 7. Bd3 Bb7 8. O-O
Bd6 9. cxd5 exd5 10. Qb1 a6 11. b4 Re8 12. a4 Nc6 13. b5 Na5 14. Rc1 Nc4 15.
Be1 axb5 16. Nxb5 Bf8 17. Bb4 c5 18. Bc3 Ne4 19. Be1 g6 20. Nc3 Ng5 21. Be2 Bg7
22. Rd1 Qe7 23. Nxg5 Qxg5 24. Bf3 cxd4 25. exd4 Rxe1+ 26. Rxe1 Bxd4 27. Rc1 Nd2
28. Qd3 Ba6 29. h4 Bxf2+ 30. Kxf2 Qxh4+ 31. g3 Qh2+ 32. Bg2 Bxd3 33. Rh1 Ne4+
34. Nxe4 Qxg2+ 0-1

[Event "BL 1617 SV Mülheim Nord - SK König Te"]
[Site "?"]
[Date "2016.10.15"]
[Round "1.2"]
[White "Tregubov, Pavel V"]
[Black "Rabiega, Robert"]
[Result "1/2-1/2"]
[WhiteElo "2586"]
[BlackElo "2498"]
[PlyCount "151"]
[EventDate "2016.??.??"]

1. d4 d5 2. c4 dxc4 3. e3 e5 4. Bxc4 exd4 5. exd4 Bd6 6. Nf3 Nf6 7. Qe2+ Qe7 8.
Qxe7+ Bxe7 9. Nc3 Nbd7 10. O-O Nb6 11. Bb3 c6 12. Re1 Nfd5 13. Bxd5 Nxd5 14.
Nxd5 cxd5 15. Bf4 Be6 16. Rac1 Bd8 17. Bc7 Rc8 18. Bxd8 Rxc1 19. Rxc1 Kxd8 20.
Ne5 Re8 21. f3 f6 22. Nd3 b6 23. h4 Kd7 24. Kf2 h5 25. Nf4 Bf7 26. Ne2 Kd6 27.
Nc3 a6 28. Ne2 g5 29. g3 Be6 30. Rc3 Bd7 31. Rb3 Kc6 32. Nc3 Rb8 33. Nd1 Kd6
34. Ne3 a5 35. Rd3 Rc8 36. Rd1 Be6 37. Rh1 Rh8 38. Ke2 Bf7 39. Kd2 Be6 40. a3
Kc6 41. Nd1 Kd6 42. Nc3 Bd7 43. b4 axb4 44. axb4 Rg8 45. hxg5 Rxg5 46. Ke3 Rxg3
47. Rxh5 Bg4 48. Rxd5+ Kc7 49. Kf4 Rxf3+ 50. Kxg4 Rxc3 51. b5 Rc1 52. Kf5 Rf1+
53. Ke6 Re1+ 54. Kxf6 Re2 55. Kf5 Re1 56. Kf4 Re2 57. Re5 Rd2 58. Ke3 Rb2 59.
Ke4 Kd6 60. Rd5+ Ke6 61. Rh5 Kd6 62. Rh6+ Kc7 63. Ke5 Rxb5+ 64. d5 Rb1 65. Rh7+
Kc8 66. Ke6 Re1+ 67. Kd6 Rg1 68. Kc6 Rc1+ 69. Kd6 Rg1 70. Rh8+ Kb7 71. Ke7 Rg7+
72. Kf6 Rd7 73. Ke6 Kc7 74. Ra8 Rd6+ 75. Ke5 Rh6 76. Ra7+ 1/2-1/2

[Event "BL 1617 SV Mülheim Nord - SK König Te"]
[Site "?"]
[Date "2016.10.15"]
[Round "1.3"]
[White "Richter, Michael"]
[Black "Fridman, Daniel"]
[Result "1/2-1/2"]
[WhiteElo "2505"]
[BlackElo "2597"]
[PlyCount "75"]
[EventDate "2016.??.??"]

1. d4 Nf6 2. Nf3 d5 3. e3 Bg4 4. c4 c6 5. Qb3 Qb6 6. Ne5 Be6 7. Nc3 Nbd7 8.
Nxd7 Bxd7 9. Qxb6 axb6 10. cxd5 Nxd5 11. Nxd5 cxd5 12. Bd3 e6 13. Bd2 b5 14.
Ke2 b4 15. a3 bxa3 16. bxa3 Rxa3 17. Rxa3 Bxa3 18. Ra1 Be7 19. Ra8+ Bd8 20. Ba5
Ke7 21. Bb4+ Ke8 22. Rb8 Bc6 23. Rxb7 h5 24. f4 Rg8 25. Ra7 f5 26. Bd6 Bd7 27.
Be5 g6 28. Kf3 Be7 29. g3 Bc6 30. Ra6 Kd7 31. Ra7+ Ke8 32. h3 Kf7 33. Bd6 Re8
34. g4 hxg4+ 35. hxg4 Kf8 36. Bxe7+ Rxe7 37. Rxe7 Kxe7 38. gxf5 1/2-1/2

[Event "BL 1617 SV Mülheim Nord - SK König Te"]
[Site "?"]
[Date "2016.10.15"]
[Round "1.4"]
[White "Landa, Konstantin"]
[Black "Moreno Tejera, Emilio"]
[Result "1-0"]
[WhiteElo "2601"]
[BlackElo "2444"]
[PlyCount "79"]
[EventDate "2016.??.??"]

1. d4 Nf6 2. Nf3 g6 3. g3 Bg7 4. Bg2 O-O 5. O-O d6 6. b3 c5 7. c4 cxd4 8. Nxd4
d5 9. cxd5 Nxd5 10. Bb2 Na6 11. Na3 Nac7 12. Qd2 e5 13. Ndb5 Nxb5 14. Qxd5 Nd4
15. e3 Nc6 16. Qb5 a6 17. Qc5 Re8 18. Nc4 Bf8 19. Qb6 e4 20. Qxd8 Nxd8 21. Nb6
Rb8 22. Nd5 Bg7 23. Nf6+ Bxf6 24. Bxf6 Nc6 25. Rfd1 Bg4 26. Rd6 Rbc8 27. h3 Be2
28. Rc1 Bd3 29. Rd7 Re6 30. Bb2 Rb8 31. h4 Ree8 32. Bh3 Red8 33. Rc7 Rd6 34. g4
Rd5 35. g5 Rd6 36. Bf6 Be2 37. Bc8 Nd8 38. Kh2 Bb5 39. Bh3 Rd2 40. Rc8 1-0

[Event "BL 1617 SV Mülheim Nord - SK König Te"]
[Site "?"]
[Date "2016.10.15"]
[Round "1.5"]
[White "Bruedigam, Martin"]
[Black "Berelowitsch, Alexander"]
[Result "1/2-1/2"]
[WhiteElo "2408"]
[BlackElo "2528"]
[PlyCount "52"]
[EventDate "2016.??.??"]

1. e4 e6 2. d4 d5 3. Nd2 c5 4. exd5 exd5 5. Bb5+ Bd7 6. Bxd7+ Nxd7 7. dxc5 Nxc5
8. Ne2 Nf6 9. O-O Be7 10. Nf3 O-O 11. Be3 Re8 12. c3 Bf8 13. Qd2 Nce4 14. Qc2
Qc7 15. Rad1 Rad8 16. h3 a6 17. Rfe1 h6 18. Bd4 Re6 19. Nc1 Rde8 20. Nd3 Bd6
21. Nd2 Nh5 22. Nf1 Qd7 23. Re3 Nf4 24. Nxf4 Bxf4 25. Rf3 Bb8 26. Be3 Qc6
1/2-1/2

[Event "BL 1617 SV Mülheim Nord - SK König Te"]
[Site "?"]
[Date "2016.10.15"]
[Round "1.6"]
[White "Levin, Felix"]
[Black "Fruebing, Stefan"]
[Result "1-0"]
[WhiteElo "2528"]
[BlackElo "2381"]
[PlyCount "125"]
[EventDate "2016.??.??"]

1. d4 Nf6 2. Nf3 g6 3. c4 Bg7 4. Nc3 O-O 5. e4 d6 6. Be2 e5 7. d5 a5 8. Bg5 h6
9. Be3 Na6 10. Nd2 Nh7 11. g4 f5 12. gxf5 gxf5 13. exf5 Bxf5 14. Nde4 Qh4 15.
Ng3 Bg6 16. Bh5 Bxh5 17. Qxh5 Qxh5 18. Nxh5 Nf6 19. Nxf6+ Rxf6 20. Ne4 Rg6 21.
Ke2 Rg4 22. f3 Rh4 23. Rag1 Kh7 24. Rg4 Rxg4 25. fxg4 Rf8 26. Rf1 Rxf1 27. Kxf1
Kg6 28. Ke2 Bf8 29. h4 h5 30. Kf3 Nb4 31. Bd2 Nd3 32. Bxa5 Nxb2 33. c5 Nc4 34.
Bxc7 hxg4+ 35. Kxg4 dxc5 36. d6 Ne3+ 37. Kf3 Nf5 38. d7 Be7 39. Nxc5 Nd4+ 40.
Ke4 Bxh4 41. Nxb7 Nc6 42. d8=Q Bxd8 43. Bxd8 Kf7 44. Bc7 Ke6 45. Nc5+ Ke7 46.
a3 Na7 47. a4 Nc6 48. a5 Nxa5 49. Bxa5 Kd6 50. Nd3 Kc6 51. Kxe5 Kb5 52. Bb4 Kc4
53. Ke4 Kb5 54. Kd5 Ka4 55. Kc5 Kb3 56. Kb5 Kc2 57. Kc4 Kd1 58. Nf4 Kc2 59. Nd5
Kb2 60. Ne3 Kc1 61. Kb3 Kb1 62. Ba3 Ka1 63. Nc4 1-0

[Event "BL 1617 SV Mülheim Nord - SK König Te"]
[Site "?"]
[Date "2016.10.15"]
[Round "1.7"]
[White "Sarbok, Torsten"]
[Black "Saltaev, Mihail"]
[Result "0-1"]
[WhiteElo "2328"]
[BlackElo "2477"]
[PlyCount "102"]
[EventDate "2016.??.??"]

1. e4 c6 2. d4 d5 3. exd5 cxd5 4. Bd3 Nc6 5. c3 g6 6. Ne2 Bg7 7. O-O Nf6 8. Bf4
O-O 9. Nd2 Nh5 10. Be3 Qd6 11. Nb3 b6 12. f4 Bh6 13. Kh1 Bg4 14. Qd2 Bf5 15.
Rf3 e6 16. Rg1 Bg4 17. Rff1 Ne7 18. g3 Nf6 19. Kg2 Bf5 20. h3 Be4+ 21. Kh2 Bxd3
22. Qxd3 Ne4 23. Nd2 f5 24. Nf3 Qc7 25. Rg2 Rac8 26. Nc1 Bg7 27. Qb1 Nc6 28.
Nd3 Na5 29. Re1 Nc4 30. Qd1 b5 31. Bg1 Rfe8 32. Ree2 Bf8 33. Rc2 Bd6 34. Qc1 a5
35. a3 Qb8 36. b4 Rc7 37. Nc5 Ra7 38. Ne5 axb4 39. Nc6 Qb6 40. Nxa7 bxa3 41.
Nxb5 Qxb5 42. Nd3 Ra8 43. Qa1 Rb8 44. Qd1 Nb2 45. Nxb2 axb2 46. Rxb2 Qxb2 47.
Rxb2 Rxb2+ 48. Bf2 Rxf2+ 49. Kg1 Kf7 50. Qd3 Ra2 51. c4 Ra3 0-1

[Event "BL 1617 SV Mülheim Nord - SK König Te"]
[Site "?"]
[Date "2016.10.15"]
[Round "1.8"]
[White "Dinstuhl, Volkmar"]
[Black "Breier, Andreas"]
[Result "1-0"]
[WhiteElo "2409"]
[BlackElo "2380"]
[PlyCount "97"]
[EventDate "2016.??.??"]

1. c4 b6 2. Nf3 Bb7 3. g3 e5 4. Bg2 e4 5. Nd4 Nf6 6. Nc3 Bb4 7. O-O O-O 8. Nc2
Bxc3 9. dxc3 Nc6 10. Bg5 Ne5 11. Ne3 h6 12. Bxf6 Qxf6 13. Nd5 Qd6 14. Bxe4 Nxc4
15. Ne7+ Qxe7 16. Bxb7 Rae8 17. Bf3 Ne5 18. Bg2 a5 19. b3 Qf6 20. Qd2 Re6 21.
Rad1 Rd8 22. Qf4 Qe7 23. Rd2 Rd6 24. Rfd1 Rxd2 25. Rxd2 Re8 26. Qd4 Qa3 27. Rc2
Qe7 28. c4 Qf6 29. Rd2 Re6 30. c5 Qf5 31. Be4 Qh3 32. cxb6 cxb6 33. Rc2 g6 34.
f4 Nc6 35. Qxd7 Ne7 36. Rc7 Qh5 37. Bf3 Qf5 38. e4 Qf6 39. e5 Rxe5 40. fxe5
Qxf3 41. Qd2 Nd5 42. Rc1 h5 43. Rf1 Qe4 44. Re1 Qf3 45. e6 fxe6 46. Rxe6 Kf7
47. Rd6 Nf6 48. Qf4 Qc3 49. Qc4+ 1-0

[Event "BL 1617 SV Hockenheim - Werder Bremen"]
[Site "?"]
[Date "2016.10.16"]
[Round "2.1"]
[White "Areshchenko, Alexander"]
[Black "Howell, David W L"]
[Result "1-0"]
[WhiteElo "2675"]
[BlackElo "2644"]
[PlyCount "117"]
[EventDate "2016.??.??"]

1. e4 e5 2. Nf3 Nc6 3. Bc4 Bc5 4. O-O Nf6 5. d3 h6 6. c3 d6 7. Nbd2 O-O 8. a4
a5 9. h3 Be6 10. Re1 Re8 11. Qb3 b6 12. Qc2 Bxc4 13. dxc4 Nh5 14. Nf1 Qf6 15.
Rb1 Qe6 16. b3 Rf8 17. Qd3 g5 18. N1h2 Kh8 19. Qd5 Ne7 20. Qd1 f5 21. Nxe5 dxe5
22. Qxh5 f4 23. Nf3 Kg7 24. b4 Bd6 25. c5 bxc5 26. bxc5 Bxc5 27. Rb5 Bd6 28. c4
c6 29. Rb1 Rab8 30. Bb2 Ng8 31. Qg4 Qxg4 32. hxg4 Nf6 33. Bxe5 Bxe5 34. Nxe5
Rb4 35. Nxc6 Rxb1 36. Rxb1 Nxe4 37. Nxa5 Ra8 38. Nb3 Rxa4 39. Rc1 Rb4 40. Nd4
Kf6 41. Re1 Nc5 42. Nf5 Rxc4 43. Nxh6 Rd4 44. f3 Rd7 45. Rb1 Ne6 46. Nf5 Ng7
47. Rb6+ Ke5 48. Nh6 Ne6 49. Ng8 Rd1+ 50. Kh2 Nd4 51. Nh6 Kd5 52. Nf7 Kc5 53.
Rb2 Kc4 54. Nxg5 Kd3 55. Ra2 Ne2 56. Nh3 Rb1 57. Ra4 Rb8 58. Nxf4+ Ke3 59. Re4+
1-0